000 00457nam a2200193Ia 4500
005 20240823050437.0
008 240823s9999||||xx |||||||||||||| ||und||
020 _a978-81-8382-227-5
041 _aENGLISH
082 _A824.8 Q2
100 _aAnu Sehgal
245 0 _aPower of Positive Thinking
250 _a1st
260 _c2012
_bLotus
_aNew Dehi -02
500 _aYES
650 _aPositive thinking
_bGeneral
942 _cBK
999 _c217267
_d217267